Anglican and Episcopal History

Saved in:

Format: Journal

Language: Undetermined

Published: JSTOR
Historical Society of the Episcopal Church

Subjects:

Online Access: Login to view Source

Tags: Add Tag

No Tags, Be the first to tag this record!

Call Number:

LEADER 00528nas a2200169Ia 4500
008 220214c99999999xx |||||||||||| ||und||
022 |a 0896-8039 
245 0 0 |a Anglican and Episcopal History 
264 1 |b JSTOR 
264 1 |b Historical Society of the Episcopal Church 
362 0 |a Vol. 56(1987)-88 (2019) 
653 1 0 |a Humanities 
653 1 0 |a Religion 
856 4 0 |u https://www.jstor.org/journal/anglepishist 
942 |c JL 
952 |0 0  |1 0  |4 0  |7 1  |9 33847  |a JSR  |b JSR  |d 2022-02-14  |l 0  |r 2022-02-14 00:00:00  |w 2022-02-14  |y JL 
999 |c 42181  |d 42181